Profesijná príprava žiakov s mentálnym postihnutím. I /
Uložené v:
| Hlavný autor: | |
|---|---|
| Médium: | Kniha |
| Jazyk: | Slovak |
| Vydané: |
Martin :
Osveta,
2007.
|
| Vydanie: | [1. vyd.] |
| Edícia: | Efeta
zv. 5 |
| Témy: | |
| ISBN: |
9788080632601 (viaz.) |
| Fyzický popis: |
159 s. : grafy, mp., tab. ; 25 cm. |
| Tagy: |
Pridať tag
objednat
1
|
Titul je dostupný aj v ... 

MARC
| LEADER | 00000nam a2200000 a 4500 | ||
|---|---|---|---|
| 001 | 000323504 | ||
| 005 | 20081201083022.0 | ||
| 008 | 080107s2007 xo bdo f f 000 0 slo d | ||
| 020 | |a 9788080632601 (viaz.) | ||
| 040 | |a SVKKK |b slo |c SVKKK |e AACR2 | ||
| 041 | 0 | |a slo | |
| 044 | |a xo |c SK | ||
| 072 | 7 | |a 376 |x Výchova a vzdelávanie zvláštnych skupín osôb |2 konspekt | |
| 072 | 7 | |a 377 |x Odborné vzdelávanie |2 konspekt | |
| 080 | |a 616.899 |2 2001 | ||
| 080 | |a 316.344.6-056.36 |2 2001 | ||
| 080 | |a 377.3 |2 2001 | ||
| 080 | |a 376 |2 2001 | ||
| 080 | |a (035) |2 2001 | ||
| 100 | 1 | |a Hučík, Ján, |d 1928- | |
| 245 | 1 | 0 | |a Profesijná príprava žiakov s mentálnym postihnutím. |n I / |c Ján Hučík. |
| 250 | |a [1. vyd.] | ||
| 260 | |a Martin : |b Osveta, |c 2007. | ||
| 300 | |a 159 s. : |b grafy, mp., tab. ; |c 25 cm. | ||
| 490 | 1 | |a Efeta |v zv. 5 | |
| 504 | |a Skratky; bibliografia: s. 104-107 | ||
| 650 | 0 | 7 | |a mentálna retardácia |2 SVKKKPH |
| 650 | 0 | 7 | |a mentálne postihnutí |2 SVKKKPH |
| 650 | 0 | 7 | |a mentálne postihnutá mládež |2 SVKKKPH |
| 650 | 0 | 7 | |a profesijná príprava |2 SVKKKPH |
| 655 | 7 | |a príručky |2 SVKKKPH | |
| 830 | 0 | |a Efeta |v zv. 5 | |
| 910 | |a svkkk | ||
| 919 | |a 978-80-8063-260-1 | ||
| 998 | |a BK | ||
| 090 | |g SCKHL |k Študovňa kníh |a IV.202407 |j 998682 |i 2720112446 |s Príručka / Študovňa | ||
| 090 | |g SCKHL |k Sklad Pribinova prízemie |a IV.202408 |j 998683 |i 2720112445 |s Absenčne | ||
| 090 | |g SCKHL |k Sklad Pribinova prízemie |a IV.203287 |j 1001566 |i 2720115559 |s Absenčne | ||
| 090 | |g SCKHL |k Sklad Pribinova prízemie |a IV.209011 |j 1019424 |i 2720180192 |s Absenčne | ||